| 000 | 00506 a2200157 4500 | ||
|---|---|---|---|
| 020 | _a0072349832 | ||
| 082 | _a620.00151 | ||
| 090 |
_c6862 _d6862 |
||
| 100 | _aWilliam J. Palm | ||
| 245 |
_aIntroduction to matlab 6 for engineers. _cWilliam J. Palm _hEnglish |
||
| 260 |
_aIsland _bMcGraw- Hill _c1994 |
||
| 300 |
_axix, 600p _bill. ; _c29 cm |
||
| 600 |
_aMATLAB. _dEngineering mathematics --Data processing. _tNumerical analysis --Data processing. |
||
| 655 | _aincludes indes. | ||
| 942 |
_cBK _k620.00151 PAL |
||
| 999 |
_c10685 _d10685 |
||